[Event "FIDE World Bl Team Pool B"]
[Site "Almaty"]
[Date "2024.08.05"]
[Round "1.1"]
[White "Dubov, Daniil"]
[Black "Ermekov, K."]
[Result "1-0"]
[WhiteElo "2701"]
[BlackElo "2076"]
[PlyCount "25"]
[EventDate "2024.08.05"]
[EventType "team (blitz)"]
[EventRounds "7"]
[EventCountry "KAZ"]
[SourceTitle "CBM 221 Extra"]
[Source "ChessBase"]
[SourceDate "2024.09.30"]
[SourceVersion "1"]
[SourceVersionDate "2024.09.30"]
[SourceQuality "1"]
[WhiteTeam "Al Ain ACMG"]
[BlackTeam "VKO Team"]
[WhiteTeamCountry "UAE"]
[BlackTeamCountry "KAZ"]

1. d4 Nf6 2. Nf3 d5 3. Bg5 Bf5 4. e3 c6 5. Bxf6 exf6 6. c4 Qb6 7. Qc1 Bxb1 8. Qxb1 Bb4+ 9. Kd1 dxc4 10. Bxc4 0-0 11. Ke2 Re8 12. Qf5 Be7 13. Ng5 1-0

[Event "FIDE World Bl Team Pool B"]
[Site "Almaty"]
[Date "2024.08.05"]
[Round "4.13"]
[White "Erigaisi, Arjun Kumar"]
[Black "Ermekov, K."]
[Result "1-0"]
[WhiteElo "2778"]
[BlackElo "2076"]
[PlyCount "60"]
[EventDate "2024.08.05"]
[EventType "team (blitz)"]
[EventRounds "7"]
[EventCountry "KAZ"]
[SourceTitle "CBM 221 Extra"]
[Source "ChessBase"]
[SourceDate "2024.09.30"]
[SourceVersion "1"]
[SourceVersionDate "2024.09.30"]
[SourceQuality "1"]
[WhiteTeam "MGD1 Team"]
[BlackTeam "VKO Team"]
[WhiteTeamCountry "IND"]
[BlackTeamCountry "KAZ"]

1. b3 d5 2. Bb2 Nf6 3. Nf3 c5 4. e3 a6 5. c4 Nc6 6. d4 e6 7. Nbd2 Be7 8. dxc5 Bxc5 9. a3 0-0 10. b4 Be7 11. Bd3 dxc4 12. Nxc4 b5 13. Nce5 Bb7 14. 0-0 Rc8 15. Qe2 Bd6 16. Rfd1 Qe7 17. e4 Nxe5 18. Nxe5 Rfd8 19. h3 Nd7 20. Ng4 e5 21. Ne3 g6 22. Rac1 Nf6 23. Qf3 Bb8 24. Rxc8 Rxc8 25. Bb1 Rd8 26. Rc1 Ba7 27. Re1 Bd4 28. Bc1 Bc3 29. Ng4 Nxg4 30. Qxc3 Nf6 1-0

[Event "FIDE World Bl Team Pool B"]
[Site "Almaty"]
[Date "2024.08.05"]
[Round "7.13"]
[White "Ermekov, K."]
[Black "Balguzhinov, Bakhytzhan"]
[Result "1/2-1/2"]
[WhiteElo "2076"]
[BlackElo "2155"]
[PlyCount "81"]
[EventDate "2024.08.05"]
[EventType "team (blitz)"]
[EventRounds "7"]
[EventCountry "KAZ"]
[SourceTitle "CBM 221 Extra"]
[Source "ChessBase"]
[SourceDate "2024.09.30"]
[SourceVersion "1"]
[SourceVersionDate "2024.09.30"]
[SourceQuality "1"]
[WhiteTeam "VKO Team"]
[BlackTeam "Chess Academy Pvl"]
[WhiteTeamCountry "KAZ"]
[BlackTeamCountry "KAZ"]

1. d4 Nf6 2. c4 c5 3. d5 e6 4. Nc3 exd5 5. cxd5 d6 6. e4 g6 7. f4 Bg7 8. Bb5+ Nfd7 9. a4 0-0 10. Nf3 a6 11. Bd3 Nf6 12. 0-0 Bg4 13. h3 Bxf3 14. Qxf3 Nbd7 15. Re1 Qc7 16. Bc4 Rfe8 17. Bd2 Nb6 18. Bf1 c4 19. Kh1 Nbd7 20. a5 Rab8 21. Ra4 Nc5 22. Rxc4 b5 23. axb6 Qxb6 24. b4 Ncd7 25. Rc1 a5 26. b5 Nc5 27. Be3 Nfd7 28. e5 Qb7 29. Ne4 Nxe4 30. Qxe4 Nf6 31. Qf3 Nxd5 32. Bd2 dxe5 33. f5 Qxb5 34. Rc5 e4 35. Rxb5 exf3 36. Rxd5 fxg2+ 37. Bxg2 a4 38. Bc3 Rec8 39. Rd3 Bh6 40. Rc2 Rb3 41. f6 1/2-1/2

[Event "FIDE World Rapid Team"]
[Site "Almaty"]
[Date "2024.08.04"]
[Round "9.25"]
[White "Ermekov, K."]
[Black "Shonazarov, Orash"]
[Result "1-0"]
[WhiteElo "2076"]
[BlackElo "2277"]
[PlyCount "138"]
[EventDate "2024.08.02"]
[EventType "team (rapid)"]
[EventRounds "12"]
[EventCountry "KAZ"]
[SourceTitle "CBM 221 Extra"]
[Source "ChessBase"]
[SourceDate "2024.09.30"]
[SourceVersion "1"]
[SourceVersionDate "2024.09.30"]
[SourceQuality "1"]
[WhiteTeam "VKO Team"]
[BlackTeam "Chess Empire"]
[WhiteTeamCountry "KAZ"]
[BlackTeamCountry "KAZ"]

1. d4 Nf6 2. c4 c6 3. Nc3 d5 4. Nf3 e6 5. Bg5 h6 6. Bxf6 Qxf6 7. e3 Nd7 8. cxd5 exd5 9. Bd3 Qd8 10. 0-0 Be7 11. Rb1 a5 12. a3 0-0 13. b4 Nf6 14. Ne5 Be6 15. Bc2 axb4 16. axb4 Ra3 17. Na4 Qa8 18. Nc5 Bc8 19. Ra1 Bd6 20. Qc1 Rxa1 21. Qxa1 Qb8 22. Qc3 Qc7 23. Rb1 Re8 24. f4 b6 25. Na4 Ba6 26. Bd3 Bxd3 27. Qxd3 Ne4 28. Rc1 Bxe5 29. dxe5 Qa7 30. Qb3 Ra8 31. Nc3 Nd2 32. Qd1 Nc4 33. Qd4 b5 34. Ne2 Qa2 35. Kf2 Ra3 36. Rc3 Rxc3 37. Qxc3 Qb2 38. Qxb2 Nxb2 39. Nc1 Kf8 40. Ke2 Ke7 41. Nb3 g6 42. g4 Nc4 43. Kd3 Kd7 44. Kd4 Kc7 45. f5 gxf5 46. gxf5 h5 47. e4 dxe4 48. Kxe4 Kd7 49. Nc5+ Ke7 50. Kf4 h4 51. h3 Ke8 52. f6 Kf8 53. Kf5 Ne3+ 54. Kg5 Nd5 55. Nd3 Kg8 56. Kxh4 Kh7 57. Kg5 Kg8 58. Kf5 Nc7 59. Nf4 c5 60. bxc5 b4 61. Ke4 Na6 62. Nd3 b3 63. Kd4 Kh7 64. Kc3 Kg6 65. Kxb3 Kf5 66. Kc4 Ke4 67. e6 Nc7 68. exf7 Ne6 69. c6 Nf8 1-0

[Event "FIDE World Rapid Team"]
[Site "Almaty"]
[Date "2024.08.04"]
[Round "10.13"]
[White "Khusnutdinov, Rustam"]
[Black "Ermekov, K."]
[Result "1/2-1/2"]
[WhiteElo "2429"]
[BlackElo "2076"]
[PlyCount "78"]
[EventDate "2024.08.02"]
[EventType "team (rapid)"]
[EventRounds "12"]
[EventCountry "KAZ"]
[SourceTitle "CBM 221 Extra"]
[Source "ChessBase"]
[SourceDate "2024.09.30"]
[SourceVersion "1"]
[SourceVersionDate "2024.09.30"]
[SourceQuality "1"]
[WhiteTeam "Helicopter"]
[BlackTeam "VKO Team"]
[WhiteTeamCountry "KAZ"]
[BlackTeamCountry "KAZ"]

1. e4 e5 2. Nf3 Qe7 3. d4 d6 4. c4 exd4 5. Qxd4 Nc6 6. Qe3 g6 7. Nc3 Bh6 8. Qd3 Bxc1 9. Rxc1 Ne5 10. Nxe5 dxe5 11. Nd5 Qd8 12. Qc3 f6 13. c5 c6 14. Ne3 Be6 15. Bc4 Qe7 16. Qb3 Bxc4 17. Nxc4 Nh6 18. Nd6+ Kf8 19. 0-0 Rb8 20. Rfd1 Kg7 21. Rd3 Rhf8 22. Rcd1 Nf7 23. Qa3 Ra8 24. b4 Nxd6 25. Rxd6 Rfd8 26. g3 a6 27. Qa5 Rxd6 28. cxd6 Qd7 29. Kg2 h5 30. h3 Re8 31. a4 f5 32. exf5 gxf5 33. Qc5 h4 34. gxh4 Kf6 35. Kh2 Rg8 36. Re1 Qe6 37. Qc3 Qd5 38. Rg1 Rxg1 39. Kxg1 Qxd6 1/2-1/2

[Event "FIDE World Rapid Team"]
[Site "Almaty"]
[Date "2024.08.03"]
[Round "8.31"]
[White "Ermekov, K."]
[Black "Bulatov, Ramil"]
[Result "0-1"]
[WhiteElo "2076"]
[BlackElo "2137"]
[PlyCount "82"]
[EventDate "2024.08.02"]
[EventType "team (rapid)"]
[EventRounds "12"]
[EventCountry "KAZ"]
[SourceTitle "CBM 221 Extra"]
[Source "ChessBase"]
[SourceDate "2024.09.30"]
[SourceVersion "1"]
[SourceVersionDate "2024.09.30"]
[SourceQuality "1"]
[WhiteTeam "VKO Team"]
[BlackTeam "Chess Dream"]
[WhiteTeamCountry "KAZ"]
[BlackTeamCountry "KAZ"]

1. d4 d5 2. c4 Nc6 3. Nf3 Bg4 4. cxd5 Bxf3 5. gxf3 Qxd5 6. e3 e5 7. Nc3 Bb4 8. Bd2 Bxc3 9. bxc3 Qd6 10. Qb3 Nge7 11. Qxb7 Rb8 12. Qa6 0-0 13. Qc4 Rfe8 14. Qc5 Qxc5 15. dxc5 Red8 16. 0-0-0 Rd5 17. Kc2 Rxc5 18. Rb1 Rb6 19. a3 Rxb1 20. Kxb1 Ra5 21. Kb2 Rd5 22. Kc2 Ra5 23. Bc1 Nd5 24. Be2 Kf8 25. Rd1 Ke7 26. Bb2 Nb6 27. e4 Na4 28. Bc4 Rc5 29. Bd5 Nd4+ 30. Kd2 Nxf3+ 31. Kc2 Nd4+ 32. Kb1 Nxc3+ 33. Bxc3 Rxc3 34. f4 f6 35. fxe5 fxe5 36. Rf1 Rf3 37. Rg1 g6 38. h4 Rxa3 39. h5 Kf6 40. hxg6 hxg6 41. Kb2 Re3 0-1

[Event "FIDE World Rapid Team"]
[Site "Almaty"]
[Date "2024.08.03"]
[Round "6.31"]
[White "Ermekov, K."]
[Black "Erzhanov, Arman"]
[Result "1/2-1/2"]
[WhiteElo "2076"]
[BlackElo "2114"]
[PlyCount "87"]
[EventDate "2024.08.02"]
[EventType "team (rapid)"]
[EventRounds "12"]
[EventCountry "KAZ"]
[SourceTitle "CBM 221 Extra"]
[Source "ChessBase"]
[SourceDate "2024.09.30"]
[SourceVersion "1"]
[SourceVersionDate "2024.09.30"]
[SourceQuality "1"]
[WhiteTeam "VKO Team"]
[BlackTeam "Kyrgyz Chess Academy"]
[WhiteTeamCountry "KAZ"]
[BlackTeamCountry "KGZ"]

1. d4 d6 2. c4 e5 3. Nf3 e4 4. Nfd2 f5 5. Nc3 Nf6 6. e3 g6 7. f3 exf3 8. Qxf3 Nc6 9. Bd3 Bg7 10. 0-0 0-0 11. Rd1 Re8 12. Nf1 Qe7 13. Bd2 Be6 14. a3 Rad8 15. Be1 d5 16. c5 Ne4 17. Rac1 Bh6 18. Bxe4 fxe4 19. Qe2 Qd7 20. h3 Ne7 21. Bg3 Nf5 22. Be5 Rf8 23. Nb5 c6 24. Nd6 Nxd6 25. Bxd6 Rf7 26. Kh2 Bf8 27. Be5 Be7 28. Ng3 h5 29. Rf1 h4 30. Nh1 Rdf8 31. Rxf7 Rxf7 32. Rf1 Bg5 33. Rf4 Bxf4+ 34. exf4 b6 35. Qe1 Rh7 36. Nf2 bxc5 37. dxc5 Qb7 38. Qd2 Qb3 39. Nxe4 dxe4 40. Qd8+ Kf7 41. Qc7+ Kg8 42. Qd8+ Kf7 43. Qc7+ Kg8 44. Qd8+ 1/2-1/2

[Event "FIDE World Rapid Team"]
[Site "Almaty"]
[Date "2024.08.02"]
[Round "1.31"]
[White "Ermekov, K."]
[Black "Bilguun, Sumiya"]
[Result "0-1"]
[WhiteElo "2076"]
[BlackElo "2470"]
[PlyCount "52"]
[EventDate "2024.08.02"]
[EventType "team (rapid)"]
[EventRounds "12"]
[EventCountry "KAZ"]
[SourceTitle "CBM 221 Extra"]
[Source "ChessBase"]
[SourceDate "2024.09.30"]
[SourceVersion "1"]
[SourceVersionDate "2024.09.30"]
[SourceQuality "1"]
[WhiteTeam "VKO Team"]
[BlackTeam "Hunnu Air"]
[WhiteTeamCountry "KAZ"]
[BlackTeamCountry "MGL"]

1. d4 d5 2. c4 e6 3. Nc3 a6 4. Nf3 dxc4 5. a4 c5 6. e3 Nc6 7. Bxc4 cxd4 8. exd4 Nf6 9. 0-0 Nb4 10. Qe2 Be7 11. Rd1 0-0 12. Bg5 h6 13. Bh4 Nbd5 14. Ne5 Nxc3 15. bxc3 Nd5 16. Bxe7 Nxe7 17. Bd3 Nd5 18. Qd2 Qc7 19. c4 Nf6 20. a5 Rd8 21. Qb2 Bd7 22. Qb6 Qc8 23. Rab1 Bc6 24. Nxc6 bxc6 25. c5 Nd5 26. Qb7 Nc3 0-1

[Event "Pavlodar op"]
[Site "Pavlodar"]
[Date "2017.11.23"]
[Round "4"]
[White "Egorov, Mikhail1"]
[Black "Ermekov, K."]
[Result "0-1"]
[WhiteElo "1834"]
[BlackElo "2122"]
[PlyCount "64"]
[EventDate "2017.11.21"]
[EventType "swiss"]
[EventRounds "9"]
[EventCountry "KAZ"]
[SourceTitle "EXT 2019"]
[Source "ChessBase"]
[SourceDate "2018.10.10"]
[SourceVersion "1"]
[SourceVersionDate "2018.10.10"]
[SourceQuality "1"]

1. c4 g6 2. Nc3 Bg7 3. g3 c5 4. Bg2 Nc6 5. e3 e5 6. Nge2 Nge7 7. 0-0 0-0 8. Rb1 d6 9. a3 a5 10. d3 Rb8 11. Bd2 Be6 12. Nd5 b5 13. b3 b4 14. Nxe7+ Nxe7 15. Qc2 Qd7 16. axb4 axb4 17. Ra1 f5 18. Ra6 g5 19. e4 f4 20. f3 h5 21. Kf2 Ng6 22. Ke1 Rf6 23. Kd1 Rbf8 24. Qa2 Bh3 25. Bxh3 Qxh3 26. Rf2 fxg3 27. Nxg3 Rxf3 28. Rxf3 Rxf3 29. Ra7 h4 30. Rxg7+ Kxg7 31. Qa7+ Rf7 32. Nf5+ Qxf5 0-1

[Event "Pavlodar op"]
[Site "Pavlodar"]
[Date "2017.11.21"]
[Round "1"]
[White "Ermekov, K."]
[Black "Ziyada, Nurmukhamed"]
[Result "1-0"]
[WhiteElo "2122"]
[BlackElo "1439"]
[PlyCount "77"]
[EventDate "2017.11.21"]
[EventType "swiss"]
[EventRounds "9"]
[EventCountry "KAZ"]
[SourceTitle "EXT 2019"]
[Source "ChessBase"]
[SourceDate "2018.10.10"]
[SourceVersion "1"]
[SourceVersionDate "2018.10.10"]
[SourceQuality "1"]

1. e4 e6 2. c4 Nf6 3. Nc3 Bb4 4. f3 Nc6 5. d4 d5 6. e5 Nd7 7. a3 Bxc3+ 8. bxc3 Nb6 9. c5 Nd7 10. f4 b6 11. cxb6 Nxb6 12. Nf3 Na5 13. Bd3 Bd7 14. a4 Nbc4 15. 0-0 Rb8 16. Ng5 h6 17. Qh5 Rf8 18. Nh7 Qe7 19. Nxf8 Kxf8 20. f5 exf5 21. Bxf5 Rb6 22. Bxd7 Qxd7 23. Qf5 Qxf5 24. Rxf5 Nb3 25. Rb1 Nxc1 26. Rxc1 Ra6 27. Rcf1 f6 28. exf6 g6 29. Rxd5 Rc6 30. Rd8+ Kf7 31. Rd7+ Kf8 32. f7 Rd6 33. Rxc7 Nb6 34. a5 Rd8 35. axb6 axb6 36. d5 b5 37. d6 b4 38. cxb4 g5 39. g4 1-0